| 000 | 00351pam a2200145 a 4500 | ||
|---|---|---|---|
| 020 | _c | ||
| 041 | _h | ||
| 100 |
_aOI CHEEPCHA HAI SSARA _eAuthor |
||
| 245 |
_aFRESH THAI _cOI CHEEPCHA HAI SSARA _hTextual Documents |
||
| 260 |
_alondon _bHamlyn Octopus Pub |
||
| 300 | _a160 | ||
| 653 | _afood Producation | ||
| 700 | _eCo-Author | ||
| 930 | _a1785 | ||
| 999 |
_c229186 _d229186 |
||